ức Trai di tập

Saved in:
Bibliographic Details
Main Author: Nguyễn Trãi
Format: Book
Language:Undetermined
Published: Hà Nội Mũi Cà Mau 1994
Subjects:
Tags: Add Tag
No Tags, Be the first to tag this record!
Institutions: Trung tâm Học liệu Trường Đại học Cần Thơ
LEADER 00528nam a2200169Ia 4500
001 CTU_8388
008 210402s9999 xx 000 0 und d
082 |a 895.922308 
082 |b Tr103 
100 |a Nguyễn Trãi 
245 0 |a ức Trai di tập 
245 0 |c Nguyễn Trãi, Bùi Văn Nguyên 
260 |a Hà Nội 
260 |b Mũi Cà Mau 
260 |c 1994 
650 |a vietnamese literature - 15th century,vietnamese poetry - 15th century 
980 |a Trung tâm Học liệu Trường Đại học Cần Thơ